[Event "Pan Am intercoll."]
[Site "Miami USA"]
[Date "2007.12.29"]
[Round "5"]
[White "Vazirova, Karina"]
[Black "Chan, Walter"]
[Result "0-1"]
[WhiteElo "2160"]
[BlackElo "2175"]
[PlyCount "66"]
[GameId "2160767910557716"]
[EventDate "2007.12.26"]
[EventType "team"]
[EventRounds "5"]
[EventCountry "CAN"]

1. e4 e6 2. d4 d5 3. Nd2 c5 4. exd5 Qxd5 5. Ngf3 cxd4 6. Bc4 Qd6 7. O-O Nf6 8. Nb3 Nc6 9. Nbxd4 Nxd4 10. Nxd4 a6 11. Be3 Qc7 12. Bb3 Bd6 13. h3 O-O 14. c3 b6 15. Bc2 Bb7 16. f3 Rad8 17. Bg5 Qc5 18. Bxf6 gxf6 19. Qd3 Qh5 20. Qe2 Bc5 21. Kh1 Bxd4 22. cxd4 Rxd4 23. Rad1 Rfd8 24. Qe3 Qc5 25. Rc1 Qg5 26. Qc3 Rd2 27. Rg1 Rc8 28. Qb3 Bd5 29. Qa4 b5 30. Qxa6 Rcxc2 31. Rxc2 Rxc2 32. Qxb5 Bxa2 33. b4 Qxb5 0-1

[Event "Pan Am intercoll."]
[Site "Miami USA"]
[Date "2007.12.29"]
[Round "5"]
[White "Ward, Daniella"]
[Black "Ferreira, Alex"]
[Result "0-1"]
[WhiteElo "327"]
[BlackElo "2023"]
[PlyCount "40"]
[GameId "2160767910557717"]
[EventDate "2007.12.26"]
[EventType "team"]
[EventRounds "5"]
[EventCountry "CAN"]

1. e4 c5 2. d3 Nc6 3. Be3 e6 4. Qe2 b5 5. Nc3 Qa5 6. O-O-O b4 7. Nb1 Qxa2 8. c3 a5 9. d4 Ba6 10. Qf3 Bxf1 11. Rxf1 cxd4 12. cxd4 Qc4+ 13. Kd1 Qxf1+ 14. Kc2 b3+ 15. Kd2 Qxb1 16. Qd1 Bb4+ 17. Ke2 Qxb2+ 18. Kd3 Rc8 19. Qe2 Qb1+ 20. Kc4 Na7# 0-1

[Event "Pan Am intercoll."]
[Site "Miami USA"]
[Date "2007.12.30"]
[Round "6"]
[White "Ferreira, Alex"]
[Black "Lyons, David B"]
[Result "1/2-1/2"]
[WhiteElo "2023"]
[BlackElo "2007"]
[PlyCount "95"]
[GameId "2160767910557718"]
[EventDate "2007.12.26"]
[EventType "team"]
[EventRounds "5"]
[EventCountry "CAN"]

1. e4 e6 2. Nc3 d5 3. d3 Nf6 4. Bg5 Be7 5. g3 c5 6. Bg2 O-O 7. Nh3 Nc6 8. O-O d4 9. Ne2 h6 10. Bxf6 Bxf6 11. f4 e5 12. Kh1 b5 13. fxe5 Nxe5 14. Nhf4 a5 15. Nd5 Ra6 16. h3 Bb7 17. Nxf6+ Rxf6 18. Rxf6 Qxf6 19. Qd2 Qb6 20. Rf1 f5 21. g4 fxe4 22. Rxf8+ Kxf8 23. Qf4+ Qf6 24. Qxf6+ gxf6 25. Bxe4 Bxe4+ 26. dxe4 Nc4 27. Nf4 Nxb2 28. Ne6+ Ke7 29. Nxc5 Kd6 30. Nb7+ Ke5 31. Kg2 Nc4 32. Kf3 Na3 33. Nxa5 Nxc2 34. Nc6+ Kd6 35. Nd8 Nb4 36. Ke2 Ke5 37. a3 Nc2 38. Kd3 Nxa3 39. Nf7+ Kf4 40. Nxh6 b4 41. Kxd4 Nc2+ 42. Kd3 b3 43. h4 Nd4 44. Kc3 Kxe4 45. h5 Kf4 46. Ng8 Kg5 47. Ne7 f5 48. gxf5 1/2-1/2

[Event "Pan Am intercoll."]
[Site "Miami USA"]
[Date "2007.12.30"]
[Round "6"]
[White "Wang, Hao Yuan"]
[Black "Peng, David"]
[Result "1/2-1/2"]
[WhiteElo "2243"]
[BlackElo "2335"]
[PlyCount "133"]
[GameId "2160767910565911"]
[EventDate "2007.12.26"]
[EventType "team"]
[EventRounds "5"]
[EventCountry "CAN"]

1. e4 c5 2. Nf3 d6 3. d4 cxd4 4. Nxd4 Nf6 5. Nc3 a6 6. f4 e6 7. Nf3 Be7 8. Bd3 Qc7 9. O-O b5 10. a3 Nbd7 11. Qe1 Bb7 12. b4 O-O 13. Bb2 e5 14. fxe5 Nxe5 15. Kh1 Nfd7 16. Qg3 Bf6 17. Ne2 Rae8 18. Nfd4 Ng6 19. a4 bxa4 20. Rxa4 Bxe4 21. Rxa6 Qb7 22. Rfa1 Bxd3 23. Qxd3 Nh4 24. Nf4 Qxb4 25. Bc3 Nc5 26. Bxb4 Nxd3 27. Nxd3 Bxd4 28. c3 Re3 29. Rd1 Rc8 30. g3 Nf3 31. Ra2 Bb6 32. Bxd6 g5 33. Nb4 Rexc3 34. Nd5 Rc2 35. Rxc2 Rxc2 36. g4 Bc5 37. Bg3 Bf2 38. Ne7+ Kf8 39. Nf5 f6 40. Bd6+ Ke8 41. Rf1 Kd7 42. Bb8 Ke6 43. h3 Ne1 44. Rxe1+ Bxe1 45. Nd4+ Kd5 46. Nxc2 Bc3 47. Ne3+ Ke4 48. Ba7 Kf3 49. Nf5 Be5 50. Kg1 Bc3 51. Kf1 Ba1 52. Bf2 Be5 53. Be1 Bb2 54. Bg3 Bc3 55. Bd6 Be5 56. Ke1 Bc3+ 57. Kd1 Kg2 58. Kc2 Ba1 59. Kd3 Kxh3 60. Nh6 f5 61. gxf5 g4 62. Ke4 Bg7 63. Nf7 h5 64. Be5 Bf8 65. f6 g3 66. Ng5+ Kg4 67. Nf3 1/2-1/2

[Event "Paul Keres mem (32nd)"]
[Site "Vancouver CAN"]
[Date "2007.05.18"]
[Round "1"]
[White "Yoos, John"]
[Black "Erichsen, Dan"]
[Result "1-0"]
[WhiteElo "2367"]
[BlackElo "2173"]
[PlyCount "71"]
[GameId "2160767910676106"]
[EventDate "2007.05.18"]
[EventType "swiss"]
[EventRounds "7"]
[EventCountry "CAN"]
[SourceTitle "EXT 2008"]
[Source "ChessBase"]
[SourceDate "2007.11.25"]
[SourceVersion "1"]
[SourceVersionDate "2007.11.25"]
[SourceQuality "1"]

1. e4 e5 2. f4 exf4 3. Nf3 g5 4. Bc4 Bg7 5. h4 h6 6. d4 d6 7. c3 Nc6 8. O-O Qe7 9. a4 Bg4 10. a5 Nd8 11. a6 c6 12. axb7 Qxb7 13. Nbd2 Ne7 14. Qc2 f6 15. b3 Be6 16. Ba3 Qc7 17. Bxe6 Nxe6 18. Nc4 c5 19. Qd3 O-O 20. d5 Nd8 21. e5 fxe5 22. Ncxe5 Bxe5 23. Nxe5 Nf5 24. Ng6 Rf6 25. Nxf4 Nxh4 26. Nh5 Rxf1+ 27. Rxf1 c4 28. bxc4 Nb7 29. Qd4 Qe7 30. c5 dxc5 31. d6 Nxd6 32. Qd5+ Kh7 33. Nf6+ Kg6 34. Qxa8 Qe3+ 35. Kh1 Ndf5 36. Qe8+ 1-0

[Event "Paul Keres mem (32nd)"]
[Site "Vancouver CAN"]
[Date "2007.05.18"]
[Round "1.1"]
[White "Gornall, Kirk"]
[Black "Orlov, Georgi"]
[Result "0-1"]
[WhiteElo "2037"]
[BlackElo "2566"]
[PlyCount "92"]
[GameId "2160767910676107"]
[EventDate "2007.05.18"]
[EventType "swiss"]
[EventRounds "7"]
[EventCountry "CAN"]

1. b3 d5 2. Bb2 Nf6 3. e3 c6 4. f4 g6 5. Nf3 Bg7 6. Be2 O-O 7. O-O a5 8. a3 Na6 9. Qe1 Qb6 10. Kh1 Bf5 11. Nd4 Bd7 12. a4 Ne8 13. Qc1 Nd6 14. Na3 f6 15. Nf3 Rae8 16. d4 Bg4 17. c4 Ne4 18. Qd1 Nb4 19. Nd2 Bf5 20. Nxe4 Bxe4 21. cxd5 cxd5 22. Qd2 Rc8 23. Bc3 Nc2 24. Nxc2 Qxb3 25. Ra3 Qxc2 26. Qxc2 Bxc2 27. Bf3 e6 28. Bxa5 Rc4 29. Be2 Rxa4 30. Rxa4 Bxa4 31. Rb1 Ra8 32. Bc3 Rc8 33. Rc1 b5 34. Kg1 Bf8 35. Bb2 Rxc1+ 36. Bxc1 Bb4 37. Bb2 Bd2 38. Kf2 b4 39. Bg4 f5 40. Ke2 Bc3 41. Bxc3 bxc3 42. Bf3 Bc2 43. Ke1 Kf7 44. Bd1 Be4 45. Bf3 Bxf3 46. gxf3 Kg7 0-1

[Event "Paul Keres mem (32nd)"]
[Site "Vancouver CAN"]
[Date "2007.05.18"]
[Round "1.3"]
[White "Gaciu, Vlad"]
[Black "MacKay, Ian"]
[Result "0-1"]
[WhiteElo "2015"]
[BlackElo "2325"]
[PlyCount "70"]
[GameId "2160767910676108"]
[EventDate "2007.05.18"]
[EventType "swiss"]
[EventRounds "7"]
[EventCountry "CAN"]

1. e4 c5 2. f4 Nc6 3. Nf3 e6 4. Bb5 Qc7 5. Bxc6 Qxc6 6. Nc3 b5 7. d3 b4 8. Ne2 Nf6 9. O-O Be7 10. h3 Bb7 11. Qe1 d6 12. a3 a5 13. axb4 cxb4 14. Ned4 Qc7 15. c4 bxc3 16. Qxc3 Qxc3 17. bxc3 O-O 18. Ba3 Rfc8 19. c4 Nh5 20. Ne2 Kf8 21. g4 Nf6 22. Rfb1 Bc6 23. Nfd4 Be8 24. Rb6 Nd7 25. Rc6 Nc5 26. Rxc8 Rxc8 27. Bxc5 dxc5 28. Nb5 Rd8 29. Nc1 g5 30. Nc7 gxf4 31. Rxa5 f3 32. Ra3 Bg5 33. Na2 Be3+ 34. Kf1 Bc6 35. Ra7 Bxe4 0-1

[Event "Paul Keres mem (32nd)"]
[Site "Vancouver CAN"]
[Date "2007.05.18"]
[Round "1.4"]
[White "Berry, Jonathan"]
[Black "Niksic, John"]
[Result "1-0"]
[WhiteElo "2305"]
[BlackElo "2010"]
[PlyCount "65"]
[GameId "2160767910676109"]
[EventDate "2007.05.18"]
[EventType "swiss"]
[EventRounds "7"]
[EventCountry "CAN"]

1. d4 Nf6 2. Nf3 b6 3. Bg5 Bb7 4. Nbd2 d5 5. e3 Nbd7 6. Be2 e6 7. O-O Be7 8. c3 O-O 9. b4 Ne4 10. Nxe4 dxe4 11. Bxe7 Qxe7 12. Nd2 e5 13. Qb3 Kh8 14. d5 f5 15. Rfd1 Rf6 16. Rac1 Rh6 17. c4 c5 18. dxc6 Bxc6 19. c5 bxc5 20. bxc5 Nxc5 21. Qb4 Qh4 22. Nf1 Nd7 23. Rxc6 Rxc6 24. Qb7 Rac8 25. Qxd7 Qf6 26. Qxa7 f4 27. Bb5 Rc2 28. a4 Qh4 29. g3 Qh5 30. Qd7 Rf8 31. Qe7 Qf5 32. Rd8 Rc8 33. Bd7 1-0

[Event "Paul Keres mem (32nd)"]
[Site "Vancouver CAN"]
[Date "2007.05.18"]
[Round "1.5"]
[White "Kyriakides, Savvas"]
[Black "Scoones, Dan"]
[Result "0-1"]
[WhiteElo "2008"]
[BlackElo "2281"]
[PlyCount "140"]
[GameId "2160767910676110"]
[EventDate "2007.05.18"]
[EventType "swiss"]
[EventRounds "7"]
[EventCountry "CAN"]

1. e4 d5 2. exd5 Nf6 3. Bb5+ Bd7 4. Bxd7+ Qxd7 5. c4 c6 6. dxc6 Qxc6 7. d3 Qxg2 8. Qf3 Qxf3 9. Nxf3 Nc6 10. Bd2 Rd8 11. Ke2 e6 12. a3 g6 13. Bc3 Bg7 14. Nbd2 Nh5 15. Bxg7 Nxg7 16. Rhd1 Nf5 17. Nb3 e5 18. Nc5 O-O 19. b4 b6 20. Ne4 Kg7 21. c5 Ncd4+ 22. Nxd4 Nxd4+ 23. Kf1 f5 24. Nd6 bxc5 25. Nb7 Rd5 26. Nxc5 a5 27. Rdc1 Kh6 28. Rc4 axb4 29. axb4 Rb8 30. Ra6 Nf3 31. Ke2 Nd4+ 32. Kf1 Kg5 33. Ra7 h6 34. Nd7 Rd8 35. Nc5 Kh5 36. Ra6 R5d6 37. Rxd6 Rxd6 38. Nb7 Rb6 39. Nc5 Nc6 40. Nd7 Ra6 41. b5 Ra1+ 42. Kg2 Nd4 43. Nxe5 Nxb5 44. Nf3 g5 45. Rc5 Nd6 46. Rd5 Ra6 47. Nd4 Kg6 48. Nf3 Kf6 49. Nd4 f4 50. h4 Nf7 51. hxg5+ hxg5 52. Rf5+ Kg6 53. Rc5 Rd6 54. Rc6 Rxc6 55. Nxc6 g4 56. Nb4 Kf5 57. Nc2 Ke5 58. Nb4 Kd4 59. Kh2 Ne5 60. Kg2 Nxd3 61. Nc2+ Kc3 62. Na3 Kd2 63. f3 Ne1+ 64. Kf2 g3+ 65. Kf1 Nxf3 66. Nc4+ Kd3 67. Nd6 Nh4 68. Nf7 Ke3 69. Ng5 g2+ 70. Kg1 Nf3+ 0-1

[Event "Paul Keres mem (32nd)"]
[Site "Vancouver CAN"]
[Date "2007.05.18"]
[Round "1.6"]
[White "Patterson, Roger"]
[Black "Machado, Gilmar Dias"]
[Result "1/2-1/2"]
[WhiteElo "2265"]
[BlackElo "1997"]
[PlyCount "32"]
[GameId "2160767910676111"]
[EventDate "2007.05.18"]
[EventType "swiss"]
[EventRounds "7"]
[EventCountry "CAN"]

1. e4 e5 2. Nf3 Nc6 3. Bb5 f5 4. Nc3 fxe4 5. Nxe4 d5 6. Nxe5 dxe4 7. Nxc6 Qg5 8. Nd4+ c6 9. Bf1 Qe5 10. Ne2 Bf5 11. Ng3 Bb4 12. Qe2 Bd6 13. f3 exf3 14. Qxe5+ Bxe5 15. d3 fxg2 16. Bxg2 Nf6 1/2-1/2

[Event "Paul Keres mem (32nd)"]
[Site "Vancouver CAN"]
[Date "2007.05.18"]
[Round "1.7"]
[White "Huang, Richard"]
[Black "Jiang, Louie"]
[Result "0-1"]
[WhiteElo "1995"]
[BlackElo "2245"]
[PlyCount "58"]
[GameId "2160767910676112"]
[EventDate "2007.05.18"]
[EventType "swiss"]
[EventRounds "7"]
[EventCountry "CAN"]

1. Nf3 d5 2. g3 Nf6 3. Bg2 e6 4. O-O Bd6 5. c4 c6 6. b3 Nbd7 7. d4 O-O 8. Nbd2 Re8 9. Bb2 Qc7 10. e4 dxe4 11. Ng5 e5 12. Ngxe4 exd4 13. Bxd4 Nxe4 14. Nxe4 Be5 15. Bxe5 Nxe5 16. h3 Bf5 17. Qc2 Re6 18. g4 Bxe4 19. Qxe4 Ng6 20. Qc2 Rae8 21. Rad1 Nf4 22. Qd2 Re2 23. Rfe1 g5 24. Rxe2 Nxe2+ 25. Kf1 Nf4 26. Re1 Rd8 27. Qe3 Rd3 28. Qe8+ Kg7 29. Re7 Qxe7 0-1

[Event "Paul Keres mem (32nd)"]
[Site "Vancouver CAN"]
[Date "2007.05.18"]
[Round "1.8"]
[White "McLaren, Brian"]
[Black "Trochtchanovitch, Pavel"]
[Result "1/2-1/2"]
[WhiteElo "2244"]
[BlackElo "1986"]
[PlyCount "118"]
[GameId "2160767910676113"]
[EventDate "2007.05.18"]
[EventType "swiss"]
[EventRounds "7"]
[EventCountry "CAN"]

1. e4 e5 2. Bc4 Nf6 3. Qe2 Bc5 4. c3 d6 5. d3 Nc6 6. Nf3 Qe7 7. Nbd2 Be6 8. Bb5 Bd7 9. Nf1 a6 10. Ba4 b5 11. Bc2 Bb6 12. h3 h6 13. Be3 Bxe3 14. Qxe3 Nd8 15. Ng3 c5 16. d4 Nc6 17. O-O O-O 18. Rfd1 Rac8 19. dxc5 dxc5 20. a4 b4 21. Nh4 Rfd8 22. Ngf5 Qf8 23. Bd3 Bxf5 24. Nxf5 a5 25. Bc4 Kh7 26. Qf3 Rxd1+ 27. Rxd1 Rd8 28. Rxd8 Nxd8 29. Qd3 Nb7 30. f3 g6 31. Ne3 Kg7 32. Bd5 Qd8 33. Qb5 Nxd5 34. Nxd5 bxc3 35. bxc3 Nd6 36. Qxc5 Ne8 37. Qe7 Qxe7 38. Nxe7 Nd6 39. Kf2 Kf6 40. Nd5+ Ke6 41. Nb6 f5 42. exf5+ gxf5 43. g4 f4 44. Ke2 e4 45. fxe4 Nxe4 46. Kf3 Ng5+ 47. Kxf4 Nxh3+ 48. Ke3 Kf6 49. Nd7+ Ke6 50. Nc5+ Kd5 51. Nb3 Kc4 52. Nxa5+ Kxc3 53. Nc6 Kc4 54. Ne5+ Kb4 55. Nf7 Kxa4 56. Nxh6 Kb5 57. Nf7 Kc6 58. Kf3 Kd7 59. Kg3 Ke7 1/2-1/2

[Event "Paul Keres mem (32nd)"]
[Site "Vancouver CAN"]
[Date "2007.05.18"]
[Round "1.10"]
[White "Jiganchine, Roman"]
[Black "Hidalgo Rios, Manuel"]
[Result "1-0"]
[WhiteElo "2236"]
[BlackElo "1939"]
[PlyCount "39"]
[GameId "2160767910676115"]
[EventDate "2007.05.18"]
[EventType "swiss"]
[EventRounds "7"]
[EventCountry "CAN"]

1. e4 c5 2. Nf3 Nc6 3. d4 cxd4 4. Nxd4 e5 5. Nb5 a6 6. Nd6+ Bxd6 7. Qxd6 Qf6 8. Qxf6 Nxf6 9. Nc3 d5 10. exd5 Nb4 11. Bd3 Nxd3+ 12. cxd3 Bf5 13. Bg5 Bxd3 14. O-O-O Bc4 15. Rhe1 O-O-O 16. Rxe5 Rd6 17. Bxf6 gxf6 18. Re7 Rd7 19. Rxd7 Kxd7 20. b3 1-0

[Event "Paul Keres mem (32nd)"]
[Site "Vancouver CAN"]
[Date "2007.05.18"]
[Round "1.11"]
[White "Ozkan, Charlie"]
[Black "Davies, Lucas"]
[Result "1/2-1/2"]
[WhiteElo "1865"]
[BlackElo "2235"]
[PlyCount "50"]
[GameId "2160767910676116"]
[EventDate "2007.05.18"]
[EventType "swiss"]
[EventRounds "7"]
[EventCountry "CAN"]

1. c4 e5 2. Nc3 Nc6 3. g3 g6 4. Bg2 Bg7 5. d3 d6 6. Nf3 h6 7. O-O Be6 8. Rb1 f5 9. Bd2 Nf6 10. b4 Qd7 11. a4 Nd8 12. Qc1 Rb8 13. Be3 b6 14. b5 g5 15. d4 e4 16. d5 exf3 17. dxe6 Qxe6 18. exf3 Qxc4 19. f4 g4 20. Nd5 Qxc1 21. Rbxc1 Nxd5 22. Bxd5 Kd7 23. Rc2 Nb7 24. Re1 Kd8 25. Rce2 Rc8 1/2-1/2

[Event "Paul Keres mem (32nd)"]
[Site "Vancouver CAN"]
[Date "2007.05.18"]
[Round "1.12"]
[White "Wu, Howard"]
[Black "Harris, Philip"]
[Result "1-0"]
[WhiteElo "2225"]
[BlackElo "1865"]
[PlyCount "47"]
[GameId "2160767910676117"]
[EventDate "2007.05.18"]
[EventType "swiss"]
[EventRounds "7"]
[EventCountry "CAN"]

1. d4 Nf6 2. Nf3 d5 3. c4 e6 4. g3 Bb4+ 5. Bd2 Bxd2+ 6. Nbxd2 O-O 7. Bg2 Nbd7 8. O-O c5 9. cxd5 exd5 10. dxc5 Nxc5 11. Nb3 Nce4 12. Nfd4 Qe7 13. Rc1 Be6 14. Qd3 Rac8 15. f3 Nc5 16. Nxc5 Rxc5 17. Qe3 Rfc8 18. Rcd1 Qd7 19. Rd3 Bh3 20. Bxh3 Qxh3 21. g4 Re8 22. Qf4 Rec8 23. Nf5 Rd8 24. Qg5 1-0

[Event "Paul Keres mem (32nd)"]
[Site "Vancouver CAN"]
[Date "2007.05.18"]
[Round "1.14"]
[White "Roua, Radu Laurentiu"]
[Black "Landingin, Jofrei"]
[Result "1-0"]
[WhiteElo "2210"]
[BlackElo "1823"]
[PlyCount "49"]
[GameId "2160767910676118"]
[EventDate "2007.05.18"]
[EventType "swiss"]
[EventRounds "7"]
[EventCountry "CAN"]

1. c4 Nf6 2. Nc3 g6 3. g3 Bg7 4. Bg2 O-O 5. d4 h6 6. Nf3 Kh7 7. O-O d6 8. b3 e6 9. Ba3 Re8 10. Rc1 Nbd7 11. e4 Rb8 12. e5 dxe5 13. Nxe5 Nxe5 14. dxe5 Qxd1 15. Rfxd1 Ng4 16. f4 Ne3 17. Rd3 Nxg2 18. Kxg2 a6 19. Ne4 b6 20. c5 bxc5 21. Kf2 Rb5 22. Rxc5 Bb7 23. Nc3 Rxc5 24. Bxc5 c6 25. Ne2 1-0

[Event "Paul Keres mem (32nd)"]
[Site "Vancouver CAN"]
[Date "2007.05.18"]
[Round "1.15"]
[White "Krzyzowski, Ernest"]
[Black "Milicevic, Dragoljub"]
[Result "0-1"]
[WhiteElo "1797"]
[BlackElo "2172"]
[PlyCount "91"]
[GameId "2160767910676119"]
[EventDate "2007.05.18"]
[EventType "swiss"]
[EventRounds "7"]
[EventCountry "CAN"]

1. c4 e5 2. Nc3 Nc6 3. Nf3 f5 4. d4 e4 5. Nd2 Nf6 6. e3 Bb4 7. Qb3 d6 8. a3 Bxc3 9. Qxc3 a5 10. b4 axb4 11. axb4 Rxa1 12. Qxa1 O-O 13. b5 Ne7 14. g3 Qe8 15. Bb2 Bd7 16. Be2 d5 17. Ba3 Rf7 18. O-O g5 19. Rb1 Ng6 20. b6 c6 21. Bd6 f4 22. Rb3 Qe6 23. Be5 Nxe5 24. dxe5 Ng4 25. exf4 Qh6 26. Bxg4 Bxg4 27. Ra3 Be6 28. cxd5 cxd5 29. fxg5 Qxg5 30. Qc3 Rf8 31. Nf1 Rc8 32. Qa1 Rc1 33. Ra8+ Kg7 34. Qa3 Bh3 35. Qf8+ Kg6 36. Qg8+ Kh6 37. Qf8+ Kh5 38. Qf7+ Qg6 39. g4+ Kxg4 40. Qxg6+ hxg6 41. f3+ exf3 42. Ra4+ Kg5 43. Kf2 Rxf1+ 44. Kg3 Bd7 45. Ra3 Kf5 46. Rc3 0-1

[Event "Paul Keres mem (32nd)"]
[Site "Vancouver CAN"]
[Date "2007.05.18"]
[Round "1.16"]
[White "Tegzes, Laszlo"]
[Black "Han, Yiming"]
[Result "1-0"]
[WhiteElo "2117"]
[BlackElo "1777"]
[PlyCount "53"]
[GameId "2160767910676120"]
[EventDate "2007.05.18"]
[EventType "swiss"]
[EventRounds "7"]
[EventCountry "CAN"]

1. e4 Nc6 2. d4 d5 3. exd5 Qxd5 4. Nf3 Bg4 5. Be2 O-O-O 6. Be3 Nf6 7. O-O e5 8. c4 Qe4 9. Nbd2 Qg6 10. d5 e4 11. dxc6 exf3 12. cxb7+ Kb8 13. Qa4 c5 14. Nxf3 Bd6 15. Rfd1 Ne4 16. Rd5 f5 17. Rad1 f4 18. Bxf4 Rhg8 19. Ne5 Bd7 20. Nxg6 Bxa4 21. Nf8 Bxd1 22. Bxd6+ Kxb7 23. Bxd1 Rxd6 24. Rxd6 Nxd6 25. Be2 h6 26. Nd7 Nf5 27. Nxc5+ 1-0

[Event "Paul Keres mem (32nd)"]
[Site "Vancouver CAN"]
[Date "2007.05.18"]
[Round "1.17"]
[White "Wilson Tagoe, George"]
[Black "Abelsen, Jeremy"]
[Result "1-0"]
[WhiteElo "1751"]
[BlackElo "2100"]
[PlyCount "63"]
[GameId "2160767910676121"]
[EventDate "2007.05.18"]
[EventType "swiss"]
[EventRounds "7"]
[EventCountry "CAN"]

1. e4 e6 2. d4 d5 3. exd5 exd5 4. Nf3 Bg4 5. Be2 Bd6 6. O-O Ne7 7. Nc3 c6 8. Re1 O-O 9. Bg5 f6 10. Bc1 Qe8 11. h3 Bd7 12. Bd3 Qh5 13. Ne2 g5 14. Ng3 Qf7 15. Ne2 Na6 16. Bd2 Nb4 17. Bxb4 Bxb4 18. c3 Bd6 19. Qc2 Qg7 20. Ng3 Bxg3 21. fxg3 Ng6 22. Re2 g4 23. hxg4 Bxg4 24. Rae1 Bxf3 25. gxf3 Nf4 26. Bxh7+ Kh8 27. Rh2 Qxg3+ 28. Kf1 Qxf3+ 29. Qf2 Qxf2+ 30. Kxf2 Kg7 31. Kf3 Rh8 32. Kxf4 1-0

[Event "Paul Keres mem (32nd)"]
[Site "Vancouver CAN"]
[Date "2007.05.18"]
[Round "1.18"]
[White "Salcedo, Daniel"]
[Black "Jose, Marionito"]
[Result "1-0"]
[WhiteElo "2087"]
[BlackElo "1736"]
[PlyCount "69"]
[GameId "2160767910676122"]
[EventDate "2007.05.18"]
[EventType "swiss"]
[EventRounds "7"]
[EventCountry "CAN"]

1. d4 Nf6 2. c4 g6 3. Nc3 Bg7 4. e4 O-O 5. e5 Ne8 6. Nf3 d6 7. Bf4 Bg4 8. h3 Bxf3 9. Qxf3 Nc6 10. O-O-O Qc8 11. Qe3 dxe5 12. dxe5 Qe6 13. Rd5 f6 14. exf6 Qxf6 15. Bg3 Nb4 16. Rb5 a5 17. a3 Nc6 18. Nd5 Qf7 19. Rxb7 Bd4 20. Qf3 Qg7 21. Qe2 Nd6 22. Rxc7 Rab8 23. b4 axb4 24. Bxd6 bxa3 25. Bxa3 Rxf2 26. Qe6+ Kh8 27. Rc8+ Rf8 28. Rxf8+ Qxf8 29. Bd3 Na5 30. Bb4 Rxb4 31. Nxb4 Qf2 32. Qe2 Be3+ 33. Kc2 Qf4 34. Re1 Bd4 35. Qxe7 1-0

[Event "Paul Keres mem (32nd)"]
[Site "Vancouver CAN"]
[Date "2007.05.19"]
[Round "2"]
[White "Davies, Noam"]
[Black "Yoos, John"]
[Result "0-1"]
[WhiteElo "2137"]
[BlackElo "2367"]
[PlyCount "60"]
[GameId "2160767910676123"]
[EventDate "2007.05.18"]
[EventType "swiss"]
[EventRounds "7"]
[EventCountry "CAN"]
[SourceTitle "EXT 2008"]
[Source "ChessBase"]
[SourceDate "2007.11.25"]
[SourceVersion "1"]
[SourceVersionDate "2007.11.25"]
[SourceQuality "1"]

1. e4 c5 2. Nf3 e6 3. d4 cxd4 4. Nxd4 Nf6 5. Nc3 Nc6 6. Ndb5 Bc5 7. Nd6+ Ke7 8. Bf4 e5 9. Nf5+ Kf8 10. Bg5 Bb4 11. Be2 d5 12. O-O Bxc3 13. bxc3 Bxf5 14. exf5 Qd7 15. Bxf6 gxf6 16. c4 d4 17. Bd3 h5 18. Rb1 Rc8 19. f4 b6 20. Qe2 Qd6 21. Qe4 Nb4 22. fxe5 fxe5 23. Rxb4 Qxb4 24. Qxe5 Rg8 25. f6 Re8 26. Qf4 Re6 27. c5 Qxc5 28. Bc4 d3+ 29. Kh1 Qc6 30. Rg1 Rxg2 0-1

[Event "Paul Keres mem (32nd)"]
[Site "Vancouver CAN"]
[Date "2007.05.19"]
[Round "2"]
[White "MacKay, Ian"]
[Black "Roua, Radu Laurentiu"]
[Result "1-0"]
[WhiteElo "2325"]
[BlackElo "2210"]
[PlyCount "43"]
[GameId "2160767910676125"]
[EventDate "2007.05.18"]
[EventType "swiss"]
[EventRounds "7"]
[EventCountry "CAN"]
[SourceTitle "EXT 2008"]
[Source "ChessBase"]
[SourceDate "2007.11.25"]
[SourceVersion "1"]
[SourceVersionDate "2007.11.25"]
[SourceQuality "1"]

1. d4 Nc6 2. e4 e5 3. d5 Nce7 4. Nc3 Ng6 5. Be3 Bb4 6. Nf3 Nf6 7. Nd2 c6 8. dxc6 bxc6 9. a3 Bxc3 10. bxc3 d5 11. f3 O-O 12. Bd4 dxe4 13. Nxe4 Nd5 14. Bc5 f5 15. Bxf8 fxe4 16. fxe4 Qxf8 17. exd5 e4 18. Bc4 Nh4 19. Qe2 Qf6 20. O-O-O Nf5 21. d6+ Kh8 22. d7 1-0

[Event "Paul Keres mem (32nd)"]
[Site "Vancouver CAN"]
[Date "2007.05.19"]
[Round "2.1"]
[White "Orlov, Georgi"]
[Black "Wu, Howard"]
[Result "1/2-1/2"]
[WhiteElo "2566"]
[BlackElo "2225"]
[PlyCount "69"]
[GameId "2160767910676126"]
[EventDate "2007.05.18"]
[EventType "swiss"]
[EventRounds "7"]
[EventCountry "CAN"]

1. Nf3 c5 2. g3 g6 3. Bg2 Bg7 4. e4 Nc6 5. O-O d6 6. c3 e5 7. d3 Nge7 8. a4 O-O 9. Na3 h6 10. Nd2 Rb8 11. Ndc4 a6 12. f4 b5 13. axb5 axb5 14. Ne3 b4 15. Nac4 exf4 16. gxf4 bxc3 17. bxc3 Bxc3 18. Ra2 Nb4 19. Raf2 f5 20. Qb3 Bd4 21. Nxd6+ Kh7 22. Nxc8 Qxc8 23. Re1 fxe4 24. Bxe4 Nbd5 25. Qd1 Nxf4 26. Kh1 Nh3 27. Rxf8 Qxf8 28. Ng4 h5 29. Rf1 hxg4 30. Rxf8 Rxf8 31. Qe1 Rf2 32. Bg2 Nf5 33. Bxh3 gxh3 34. Bb2 Rxb2 35. Qh4+ 1/2-1/2

[Event "Paul Keres mem (32nd)"]
[Site "Vancouver CAN"]
[Date "2007.05.19"]
[Round "2.4"]
[White "Milicevic, Dragoljub"]
[Black "Berry, Jonathan"]
[Result "0-1"]
[WhiteElo "2172"]
[BlackElo "2305"]
[PlyCount "62"]
[GameId "2160767910676127"]
[EventDate "2007.05.18"]
[EventType "swiss"]
[EventRounds "7"]
[EventCountry "CAN"]

1. e4 c5 2. Nf3 g6 3. d3 Bg7 4. g3 Nc6 5. Bg2 e5 6. Be3 d6 7. Qd2 Nd4 8. h4 h5 9. Ng5 f6 10. Nh3 Nh6 11. c3 Ne6 12. f3 d5 13. exd5 Qxd5 14. f4 Qd6 15. O-O Ng4 16. fxe5 Qxe5 17. Bf4 Nxf4 18. Re1 Nxh3+ 19. Bxh3 Bh6 20. Rxe5+ fxe5 21. Qe2 O-O 22. Na3 Be3+ 23. Kg2 Rf2+ 24. Qxf2 Nxf2 25. Bxc8 Rxc8 26. Nc4 Ng4 27. Re1 Bh6 28. Nd6 Rb8 29. d4 cxd4 30. cxd4 exd4 31. Re6 d3 0-1

[Event "Paul Keres mem (32nd)"]
[Site "Vancouver CAN"]
[Date "2007.05.19"]
[Round "2.6"]
[White "Jiang, Louie"]
[Black "Salcedo, Daniel"]
[Result "1-0"]
[WhiteElo "2245"]
[BlackElo "2087"]
[PlyCount "87"]
[GameId "2160767910676128"]
[EventDate "2007.05.18"]
[EventType "swiss"]
[EventRounds "7"]
[EventCountry "CAN"]

1. e4 d6 2. d4 Nf6 3. Nc3 g6 4. Nf3 Bg7 5. Bc4 O-O 6. O-O Nxe4 7. Bxf7+ Rxf7 8. Nxe4 d5 9. Nfg5 Bf5 10. Re1 Qd6 11. c3 h6 12. Nh3 Nc6 13. b4 g5 14. b5 Nd8 15. g4 Rf8 16. Nc5 Nf7 17. Nd3 e5 18. a4 Rfe8 19. f3 e4 20. Nhf2 Bxg4 21. fxg4 exd3 22. Nxd3 Qg6 23. Be3 Nd6 24. Nb4 Qe6 25. h3 Ne4 26. Qb3 c6 27. Ra2 Qd6 28. Rg2 a5 29. bxa6 bxa6 30. a5 Rab8 31. Qc2 Rb5 32. Nxa6 Rxa5 33. Nb4 Rea8 34. Qd3 Ra1 35. Bc1 R8a3 36. Rc2 Qxb4 37. Qxe4 Rxc3 38. Qe6+ Kh8 39. Qc8+ Bf8 40. Rxc3 Qxd4+ 41. Rce3 Kg8 42. Qe6+ Kh7 43. Kh1 Ra7 44. Qf5+ 1-0